Tonybet Virslīgas visi čempioni - Statistics

General Stats
  • This quiz has been taken 6 times
  • The average score is 33 of 47
Answer Stats
Gads Čempions % Correct
1932. ASK Rīga
100%
1942. ASK Rīga
100%
1943. ASK Rīga
100%
2005. FHK Liepājas Metalurgs
100%
2015. FK Liepaja
100%
2021. FK RFS
100%
2023. FK RFS
100%
1930. RFK Rīga
100%
1931. RFK Rīga
100%
1934. RFK Rīga
100%
1935. RFK Rīga
100%
1939. RFK Rīga
100%
2018. Riga FC
100%
2019. Riga FC
100%
2020. Riga FC
100%
2009. SK Liepājas Metalurgs
100%
2006. FK Ventspils
80%
2007. FK Ventspils
80%
2008. FK Ventspils
80%
2011. FK Ventspils
80%
2013. FK Ventspils
80%
2014. FK Ventspils
80%
2022. Valmiera FC
80%
2016. FK Spartaks
60%
2017. FK Spartaks
60%
1992. Skonto FC
60%
1993. Skonto FC
60%
1994. Skonto FC
60%
1995. Skonto FC
60%
1996. Skonto FC
60%
1997. Skonto FC
60%
1998. Skonto FC
60%
1999. Skonto FC
60%
2000. Skonto FC
60%
2001. Skonto FC
60%
2002. Skonto FC
60%
2003. Skonto FC
60%
2004. Skonto FC
60%
2010. Skonto FC
60%
2012. FC Daugava
40%
1927. Olimpija Liepāja
20%
1928. Olimpija Liepāja
20%
1929. Olimpija Liepāja
20%
1933. Olimpija Liepāja
20%
1936. Olimpija Liepāja
20%
1937. Olimpija Liepāja
20%
1938. Olimpija Liepāja
20%
No matching quizzes found
Score Distribution
Percent of People with Each Score
Percentile by Number Answered
Your Score History
You have not taken this quiz